000 00850nam a22002652 4500
001 20694
003 CZ PrNK
005 20260130102118.0
008 960522s1980 xo slo
040 _aABA001
_bcze
_cABA001
_dABA001
041 1 _aslo
_hita
100 1 _aVeraldi, Attilio,
_d1925-1999
_4aut
245 1 0 _aDôsledný chlapík ;
_bVeľké peniaze /
_cAttilio Veraldi ; prel. Ivan Gavora a Terézie Gasparíková ; ilustr. Lumír Krátký
250 _a1. vyd.
260 _aBratislava :
_bSlovenský spisovateľ,
_c1980
300 _a388 s. :
_bil. ;
_c
490 1 _aZelená knižnica
700 1 _aGašparíková, Terézia,
_d1951-
_4trl
700 1 _aGavora, Ivan
_4trl
740 0 2 _aVeľké peniaze
765 0 _tUomo di conseguenza a La Mazzetta
830 0 _aZelená knižnica
910 _aABA001
942 _2ddc
_cKLDO
_n0
999 _c20694
_d20694